00518nam a2200193 a 4500007000300000008004100003020003000044040001200074041000800086044000700094082002100101100002300122245004200145260004200187300003000229504002000259650003800279852000700317ta200120t2007 ii a|||g |||| 001 0 eng d a9780761935995cRs. 495.00 aKObeng0 aeng aii04223a658.45bSa821 aSathyanarayana, K.10aThe Power of Humor at the Workplace / aNew Delhi :bResponse Books ,c2007 . a283 p. :bill. ;c20 cm . aIncludes Index. 0aHumor in the workplacevTextbooks aKO